00913nam a2200217 i 450000100060000000300090000600500170001500700030003200800410003510000480007624501360012426000390026030000220029949000730032170000220039470000290041683000750044585200320052099900170055295201260056992353ES-MaACL20250901062534.0t|050225s1965 an ||||1| spa d1 aLierde, Peter Canisius Johannes van.97225213aEl senado de la iglesia b: el Sacro Colegio / cPeter Canisius Johannes van Lierde; [versión española de Dom Ambrosio Caralt]. aAndorra : bCasal y Vall, c[1965] a154 p. ; c19 cm.1 aYo sé, yo creo : enciclopedia del católico en el siglo XX ; v811 aGiraud, A.9572381 aCaralt, Ambrosio.93494000aYo sé, yo creo: enciclopedia del católico del siglo XXv819186579 aES-MaACLjC-20928 bR.57137 c92353d92353 00104070aATENEOMbATENEOMcGaleríad2008-01-17eSCl0oC-20928p1096418r2023-02-23 00:00:00w2023-02-23yMONOGRAFIA